| 000 | 01054cad a22002535a 4500 | ||
|---|---|---|---|
| 001 | L154997 | ||
| 008 | 120110e20120214xxkd f s 000 0 eng d | ||
| 022 | 1 | _a1465-1076 | |
| 035 | _a(Sirsi) u154997 | ||
| 041 | 0 | _aeng | |
| 050 | 0 | 4 | _a333.33 $2 18 |
| 110 | 2 |
_aRoyal Institution of Chartered Surveyors _94900 |
|
| 245 | 0 | 0 |
_aRICS housing market survey United Kingdom _bJanuary 2012 _h[electronic resource] |
| 260 |
_aLondon _bRICS _c2012 |
||
| 490 |
_aRICS Housing Market Survey United Kingdom _vJanuary 2012 |
||
| 520 | _aHighlights a moderately negative price picture at the national level, although there remains significant divergence at the regional level. Expiry of stamp duty exemption in March 2012 boosts activity | ||
| 521 | _aAdvanced | ||
| 590 | _aKA | ||
| 650 | 2 | 4 | _aRICS HOUSING MARKET SURVEY UNITED KINGDOM |
| 651 | 4 |
_aUnited Kingdom _y |
|
| 690 |
_aResidential property _96266 |
||
| 856 | 4 | 0 |
_uhttps://www.rics.org/site/download_feed.aspx?fileID=11260&fileExtension=PDF _zView this item free of charge at www.rics.org |
| 942 | _n0 | ||
| 999 |
_c113277 _d113277 |
||